[Event "TCh-ISL Div 1 2010-11"]
[Site "Reykjavik ISL"]
[Date "2010.10.09"]
[Round "3.4"]
[White "Aabling Thomsen,J"]
[Black "Hansen,SoB"]
[Result "0-1"]
[WhiteElo "2339"]
[BlackElo "2288"]

1.e4 c5 2.Nf3 Nc6 3.Nc3 e6 4.d4 cxd4 5.Nxd4 Qc7 6.Ndb5 Qb8 7.Be3 Nf6 8.a4 Bb4
9.Bd3 a6 10.Nd4 d5 11.exd5 Nxd5 12.O-O Nxe3 13.fxe3 Bxc3 14.bxc3 Qe5 15.Qf3 O-O
16.Rab1 Na5 17.Rb4 Bd7 18.Nb3 Nxb3 19.cxb3 Bc6 20.Qh3 f5 21.Rd4 Rf6 22.Qg3 Qc5
23.Qe1 b5 24.axb5 axb5 25.b4 Qe5 26.Rf2 Rh6 27.h3 Qg3 28.Re2 Qxe1+ 29.Rxe1 e5
30.Bc4+ bxc4 31.Rxc4 Rg6 32.g4 h5 33.Rc5 hxg4 34.h4 Ra2 35.b5 Bf3 36.Rxe5 Rd6  0-1

[Event "TCh-ISL Div 1 2010-11"]
[Site "Reykjavik ISL"]
[Date "2010.10.09"]
[Round "3.3"]
[White "Nataf,IA"]
[Black "Bergsson,Sn"]
[Result "1/2-1/2"]
[WhiteElo "2541"]
[BlackElo "2310"]

1.e4 c5 2.Nf3 e6 3.d4 cxd4 4.Nxd4 Nc6 5.Nc3 Qc7 6.Be2 a6 7.O-O Nf6 8.Be3 Bb4
9.Na4 Be7 10.c4 Nxe4 11.c5 O-O 12.Rc1 Rb8 13.g3 Nf6 14.Bf3 g6 15.Bg5 Rd8
16.Nb6 d6 17.cxd6 Qxd6 18.Nxc6 bxc6 19.Qxd6 Rxd6 20.Nxc8 Rxc8 21.Bf4 Rdd8
22.Rxc6 Rxc6 23.Bxc6 Nd5 24.Bxd5 Rxd5 25.Rc1 Kg7 26.Kf1 Ra5 27.a3 Bf6 28.Rc2 Rb5
29.b4 Bd4 30.Ke2 a5 31.bxa5 Rxa5 32.Rc4 e5 33.a4 Kf6 34.Bd2 Ra6 35.Be3 Bxe3
36.Kxe3 Ke6 37.f4 f5 38.fxe5 Kxe5 39.h4 h6 40.Rb4 Kd5 41.Kd3 Kc5 42.Rc4+ Kd5
43.Rd4+ Kc5 44.Rf4 Rb6 45.Rc4+ Kd5 46.a5 Ra6 47.Ra4 Kc5 48.Ra1 Kd5 49.Kc3 g5
50.Rf1 gxh4 51.Rxf5+ Ke4 52.Rf4+ Ke3 53.Rxh4 Rxa5  1/2-1/2

[Event "TCh-SWE Elitserien 2010-11"]
[Site "Sweden SWE"]
[Date "2010.10.09"]
[Round "2"]
[White "Von Bahr,O"]
[Black "Tikkanen,H"]
[Result "1/2-1/2"]
[WhiteElo "2319"]
[BlackElo "2507"]

1.e4 c5 2.Nf3 e6 3.d4 cxd4 4.Nxd4 Nc6 5.Nc3 Qc7 6.Be2 a6 7.O-O Nf6 8.Be3 Be7
9.f4 d6 10.Qe1 O-O 11.Qg3 Nxd4 12.Bxd4 b5 13.a3 Bb7 14.Kh1 Bc6 15.Rae1 Rac8
16.Bd3 Nh5 17.Qg4 Nf6 18.Qh3 e5 19.fxe5 dxe5 20.Nd5 Qd6 21.Bc3 Nd7 22.Rf5 Bxd5
23.Bb4 Nc5 24.exd5 g6 25.Rfxe5 Bf6 26.R5e2 Qxd5 27.Bxc5 Qxc5 28.c3 Rcd8 29.Qf3 Kg7
30.Rf1 Be5 31.Bb1 Rd7 32.Qe3 Qxe3 33.Rxe3 f6 34.Rd3 Rxd3 35.Bxd3 Rd8 36.Rd1 Bf4
37.Kg1 h5 38.Be2 Rxd1+ 39.Bxd1 Bc1 40.b4 Bxa3 41.Bf3 Bb2 42.Bb7 Bxc3 43.Bxa6 Bxb4
44.Bxb5 Bc5+ 45.Kf1 g5  1/2-1/2

[Event "Tatry Open"]
[Site "Tatranske Zruby CZE"]
[Date "2010.10.09"]
[Round "9"]
[White "Zacik,A"]
[Black "Lukac,P"]
[Result "1/2-1/2"]
[WhiteElo "1990"]
[BlackElo "1825"]

1.e4 c5 2.Nf3 e6 3.d4 cxd4 4.Nxd4 Nc6 5.Nc3 a6 6.Be2 Be7 7.O-O d6 8.Be3 Nf6
9.f4 O-O 10.Nxc6 bxc6 11.Qe1 Qc7 12.Qg3 d5 13.e5 Nd7 14.Bd3 g6 15.Ne2 c5
16.c3 c4 17.Bc2 Nc5 18.Nd4 Ne4 19.Qg4 f5 20.exf6 Rxf6 21.Bxe4 dxe4 22.Qg5 Rf7
23.Qh6 Bf8 24.Qg5 Be7 25.Qh6 Bf8  1/2-1/2

[Event "Continental Class Ch"]
[Site "Arlington USA"]
[Date "2010.10.10"]
[Round "7"]
[White "Gorman,D"]
[Black "Zapata,Alo"]
[Result "0-1"]
[WhiteElo "2285"]
[BlackElo "2488"]

1.e4 c5 2.Nf3 e6 3.d4 cxd4 4.Nxd4 Nc6 5.Nc3 Qc7 6.f4 a6 7.Be3 b5 8.Qf3 Bb7
9.Bd3 Rc8 10.O-O-O Nf6 11.Rhe1 Bb4 12.Nde2 Be7 13.Qg3 Nb4 14.e5 Nfd5 15.Bd4 O-O
16.Kb1 Nxd3 17.Qxd3 b4 18.Nxd5 Bxd5 19.f5 exf5 20.Qxf5 g6 21.Qd3 Be6 22.Rf1 Qc6
23.Rf2 Rfd8 24.Rc1 d6 25.Qe3 Qd5 26.b3 dxe5 27.Bxe5 Qd2 28.Qg3 Qg5 29.Bf4 Qxg3
30.Nxg3 Bc5 31.Re2 Bd4 32.Be5 Bxe5 33.Rxe5 h5 34.Re2 h4 35.Nf1 Rd4 36.Kb2 a5
37.c3 bxc3+ 38.Rxc3 Rb8 39.Nd2 a4 40.Nf3 Rdb4 41.Ree3 Rg4 42.Ne1 axb3 43.axb3 Bf5
44.g3 hxg3 45.hxg3 Rd4 46.Nd3 Rbd8 47.Nc5 Rd2+ 48.Ka3 Ra8+ 49.Kb4 Rb8+ 50.Kc4 Bg4
51.b4 Rb2 52.Nd3 Be2 53.Kc5 Bxd3 54.Rcxd3 R2xb4 55.Rf3 R8b7 56.Rd4 R7b5+
57.Kc6 Rxd4 58.Kxb5 f5 59.Kc5 Re4 60.Kd5 Kg7 61.Rd3 Kf6 62.Ra3 Kg5 63.Rb3 Kg4
64.Ra3 g5 65.Rb3 Re1 66.Ra3 Rg1 67.Ra4+ Kxg3 68.Ke5 f4 69.Kf5 f3 70.Kxg5 f2
71.Rg4+ Kf3 72.Rxg1  0-1

[Event "TCh-BEL 2010-11"]
[Site "Belgium BEL"]
[Date "2010.10.10"]
[Round "2.3"]
[White "De Gueldre,P"]
[Black "Gulbas,C"]
[Result "1/2-1/2"]
[WhiteElo "2122"]
[BlackElo "2399"]

1.e4 c5 2.Nf3 Nc6 3.d4 cxd4 4.Nxd4 e6 5.Nc3 Qc7 6.Be2 a6 7.O-O Nf6 8.Be3 Bb4
9.Na4 Bd6 10.g3 Nxe4 11.Bf3 Nf6 12.Nxc6 bxc6 13.Bb6 Qb8 14.c4 O-O 15.Qd2 Bc7
16.Qa5 Bxb6 17.Nxb6 Ra7 18.c5 Nd5 19.Nc4 Rb7 20.Rab1 Rb5 21.Qa3 Qa7 22.b4 Qb8
23.Bxd5 cxd5 24.Nd6 Bb7 25.Nxb5 axb5 26.Qa5 Bc6 27.Qa3 Qc7 28.Qd3 Ra8 29.Ra1 Ra4
30.a3 Qe5 31.Rfe1 Qh5 32.Qd4 f6 33.f4 Qg4 34.Qd1 Qg6 35.Qb1 Qh5 36.Qd1 Qh3
37.Qd4 h5 38.Re3 Kf7 39.Rf1 Ra8 40.Rf2 Rh8 41.Rg2 Qg4 42.Rd3 Re8 43.Rgd2 h4
44.Qf2 hxg3 45.Qxg3 Qf5 46.Rd4 Rh8 47.Qd3 Qxd3 48.R4xd3 Kg6 49.Rd4 Kf5 50.Rf2 Rh3
51.Rg2 Rxa3 52.Rxg7 e5 53.fxe5 fxe5 54.Rd2 e4 55.Rf2+ Ke5 56.h4 e3 57.Re7+ Kd4
58.Re2 Ra1+ 59.Kh2 Kc4 60.R2xe3 d4 61.Re1 Ra2+ 62.R7e2 Rxe2+ 63.Rxe2 d3 64.Rf2 Kc3
65.Kg3 d2 66.Rf1 Be4 67.h5 Kc2 68.Kf4  1/2-1/2

[Event "4NCL Individual Rapid"]
[Site "Newport Pagnell ENG"]
[Date "2010.10.10"]
[Round "2"]
[White "Franklin,S"]
[Black "Pickard,C"]
[Result "1-0"]
[WhiteElo "2203"]
[BlackElo "2134"]

1.e4 c5 2.Nf3 Nc6 3.d4 cxd4 4.Nxd4 e6 5.Nc3 Nf6 6.Ndb5 d6 7.Bf4 e5 8.Bg5 a6
9.Na3 b5 10.Bxf6 gxf6 11.Nd5 f5 12.Bd3 Be6 13.O-O Bg7 14.Qh5 f4 15.c4 b4
16.Nc2 Ne7 17.Ncxb4 O-O 18.Rad1 Ng6 19.Be2 a5 20.Nc2 a4 21.Na3 f5 22.Bd3 Nh4
23.g3 Bf7 24.Qxh4 Qxh4 25.gxh4 Bxd5 26.cxd5 fxe4 27.Bxe4 Rab8 28.Nc4 f3 29.Rd3 Rf4
30.Re1 Rbf8 31.Nd2 Bh6 32.Nxf3 Rg4+ 33.Kh1 Rff4 34.Rde3 Rf6 35.Rg1 Rxg1+
36.Kxg1 Bxe3 37.fxe3 Rf4  1-0

[Event "TCh-ISL Div 1 2010-11"]
[Site "Reykjavik ISL"]
[Date "2010.10.10"]
[Round "4.1"]
[White "Thorhallsson,G"]
[Black "Kristjansson,St"]
[Result "0-1"]
[WhiteElo "2200"]
[BlackElo "2477"]

1.e4 c5 2.Nf3 e6 3.d4 cxd4 4.Nxd4 Nc6 5.Nc3 Qc7 6.a3 a6 7.Be2 Nf6 8.Be3 Ne5
9.O-O b5 10.f4 Nc4 11.Bxc4 Qxc4 12.e5 Nd5 13.Nxd5 Qxd5 14.Nb3 Bb7 15.Qe2 Rc8
16.Rad1 Qe4 17.Rf2 Be7 18.Rd4 Qf5 19.c3 h5 20.a4 Bd5 21.Rxd5 exd5 22.axb5 axb5
23.Qxb5 Qe4 24.Bd4 O-O 25.Nd2 Qe1+ 26.Nf1 d6 27.exd6 Bxd6 28.Qxd5 Qe7 29.b4 Rfd8
30.Qxh5 f6 31.Ne3 Qe4 32.Qg4 Bf8 33.Nf5 Ra8 34.h4 Rd5 35.Ng3 Qe7 36.Re2 Qf7
37.Nf5 Qd7 38.Nh6+ Kh8 39.Qxd7 Rxd7 40.Nf5 Kh7 41.Kf2 g6 42.Ng3 f5 43.b5 Rb8
44.b6 Bg7 45.Bxg7 Rxg7 46.Re6 Rgb7 47.h5 gxh5 48.Nxf5 Rxb6 49.Re3 Rf8 50.Re7+ Kh8
51.Re5 Rbf6 52.Nd4 Rxf4+ 53.Kg3 h4+ 54.Kh3 R8f7 55.Rc5 Rg7 56.Nf5 Rg5 57.Rc8+ Rg8
58.Rc7  0-1

[Event "TCh-ISL Div 1 2010-11"]
[Site "Reykjavik ISL"]
[Date "2010.10.10"]
[Round "4.2"]
[White "Gunnarsson,Gun"]
[Black "Bergsson,Sn"]
[Result "1/2-1/2"]
[WhiteElo "2221"]
[BlackElo "2310"]

1.e4 c5 2.Nf3 e6 3.d4 cxd4 4.Nxd4 Nc6 5.Nc3 Qc7 6.Be3 a6 7.Be2 Nf6 8.f4 Bb4
9.Qd3 d5 10.e5 Ne4 11.O-O Bxc3  1/2-1/2

[Event "Continental Class Ch"]
[Site "Arlington USA"]
[Date "2010.10.11"]
[Round "9"]
[White "Francisco,R"]
[Black "Zapata,Alo"]
[Result "0-1"]
[WhiteElo "2222"]
[BlackElo "2488"]

1.e4 c5 2.Nf3 e6 3.d4 cxd4 4.Nxd4 Nc6 5.Nc3 Qc7 6.Be3 a6 7.Qd2 Nf6 8.O-O-O Be7
9.f3 b5 10.g4 O-O 11.g5 Nh5 12.Nce2 Rd8 13.Ng3 Nxd4 14.Nxh5 Nxf3 15.Qf2 Ne5
16.Bb6 Qb8 17.Nf6+ Kh8 18.Bxd8 Bxd8 19.Qc5 Ng6 20.Nxd7 Bxd7 21.Rxd7 Qf4+
22.Kb1 Qxe4 23.Bg2 Qxg2 24.Rhd1 Bxg5 25.Rg1 Qxh2 26.Qxg5 h6 27.Qg4 Rf8 28.a3 Qe5
29.Ra7 Nf4 30.Rxa6 g5 31.Ra5 Rc8 32.Qd1 Qc5 33.a4 Qb4 34.Qd7 Qxa5 35.Qxc8+ Kg7
36.axb5 Qxb5 37.c4 Qb3 38.Qc5 Nd3 39.Qb5 Nb4 40.Qe5+ f6 41.Qd4 Qc2+ 42.Ka1 Qa4+
43.Kb1 e5 44.Qc3 Qa2+ 45.Kc1 Qa1+ 46.Kd2 Qxg1 47.Qxb4 Qd4+ 48.Kc2 e4  0-1

[Event "Karen Asrian Memorial"]
[Site "Jermuk ARM"]
[Date "2010.10.11"]
[Round "7"]
[White "Gvetadze,Sopi"]
[Black "Vorobiov,E"]
[Result "1/2-1/2"]
[WhiteElo "2352"]
[BlackElo "2565"]

1.e4 c5 2.Nf3 Nc6 3.d4 cxd4 4.Nxd4 e6 5.Nc3 Qc7 6.Be2 a6 7.Be3 Nf6 8.O-O Be7
9.f4 d6 10.Kh1 O-O 11.Qe1 Nxd4 12.Bxd4 b5 13.e5 dxe5 14.Bxe5 Qb6 15.Bd3 Bb7
16.Qh4 h6 17.Qg3 Ne8 18.f5 exf5 19.Rxf5 Bd6 20.Raf1 Rd8 21.Nd1 Bxe5 22.Rxe5 Rd5
23.Ne3 Rxe5 24.Qxe5 Nd6 25.Ng4 Re8 26.Qg3 Re6 27.Rf6 Rxf6 28.Nxf6+ Kh8 29.Nh5 Ne8
30.Qe5 Qc6 31.Nf4 Nf6 32.Qb8+ Qc8 33.Qxc8+ Bxc8 34.c4 g5 35.cxb5 axb5 36.Ne2 b4
37.Nd4 Ng4 38.Bc4 Ne5 39.Bd5 Kg7 40.Nc2 Nd3 41.a3 bxa3 42.bxa3 f5 43.a4 Ba6
44.Kg1  1/2-1/2

[Event "I Memorial Oliver Gonzalez"]
[Site "Madrid ESP"]
[Date "2010.10.12"]
[Round "4"]
[White "Vilarnovo Caamano,J"]
[Black "Serrano Salvador,E"]
[Result "0-1"]
[WhiteElo "2059"]
[BlackElo "2352"]

1.e4 c5 2.Nf3 Nc6 3.d4 cxd4 4.Nxd4 e6 5.Nc3 Qc7 6.Nb3 a6 7.Bd3 Nf6 8.O-O b5
9.f4 d6 10.Kh1 h5 11.Be3 Bb7 12.Qe2 Be7 13.a4 b4 14.Nd1 Na5 15.Nxa5 Qxa5
16.Bd4 h4 17.Nf2 e5 18.fxe5 dxe5 19.Be3 h3 20.gxh3 Qc7 21.Kg1 Qc6 22.Bg5 Bc5
23.Bxf6 gxf6 24.Qg4 Ke7 25.Kh1 Qe6 26.Qxe6+ fxe6 27.Rg1 Rh7 28.Rg2 f5 29.Rag1 Bxf2
30.Rg7+ Rxg7 31.Rxg7+ Kf6 32.Rxb7 Rg8  0-1

[Event "I Memorial Oliver Gonzalez"]
[Site "Madrid ESP"]
[Date "2010.10.12"]
[Round "4"]
[White "Calderon Martin,A"]
[Black "Barajas Fernandez,H"]
[Result "0-1"]
[WhiteElo "1745"]
[BlackElo "1976"]

1.e4 c5 2.Nf3 e6 3.d4 cxd4 4.Nxd4 Nc6 5.Nc3 Qc7 6.Ndb5 Qb8 7.Be3 a6 8.Nd4 Nf6
9.Bd3 Be7 10.O-O O-O 11.f4 Bc5 12.Nce2 Ng4 13.Qd2 d6 14.Kh1 Qc7 15.Bg1 Ne7
16.Nf3 b5 17.h3 Nh6 18.a3 Bb7 19.Nc3 f5 20.Rae1 b4 21.Bxc5 bxc3 22.Qxc3 Qxc5
23.Qb3 Bc8 24.Ng5 Kh8 25.Nxe6 Bxe6 26.Qxe6 Ng6 27.b4 Qc7 28.exf5 Nh4 29.g4 Qc3
30.Kh2 Qxa3 31.Qxd6 Qc3 32.Kg3 N4xf5+  0-1

[Event "I Memorial Oliver Gonzalez"]
[Site "Madrid ESP"]
[Date "2010.10.12"]
[Round "4"]
[White "Korneev,O"]
[Black "Barria Zuniga,D"]
[Result "1-0"]
[WhiteElo "2562"]
[BlackElo "2419"]

1.e4 c5 2.Nf3 e6 3.d4 cxd4 4.Nxd4 Nc6 5.Nc3 Qc7 6.Be3 Nf6 7.f4 Bb4 8.Nb5 Qa5
9.e5 Ne4 10.Qd3 Nxc3 11.bxc3 Be7 12.g3 O-O 13.Bg2 Qa4 14.O-O b6 15.c4 Rb8
16.Qb3 Qb4 17.a3 Qxb3 18.cxb3 a6 19.Nd6 f6 20.Nxc8 Rfxc8 21.exf6 gxf6 22.Rfd1 Rc7
23.f5 exf5 24.Bxc6 Rxc6 25.Rxd7 Re8 26.Kf2 Re6 27.Rd3 Kf7 28.Kf3 Kg6 29.b4 Rc8
30.Rc1 Rec6 31.Rd7 Bf8 32.Ra7 a5 33.bxa5 bxa5 34.Rxa5 Rxc4 35.Rxc4 Rxc4 36.Ra8 Bd6
37.a4 Rc3 38.Ke2 Rc2+ 39.Kd3 Rxh2 40.a5 Ra2 41.a6 Ra3+ 42.Ke2 Bxg3 43.Rg8+ Kf7
44.Rxg3 Rxa6 45.Kf3 Ra4 46.Rh3 Kg6 47.Rh6+ Kg7 48.Rh1 Kg6 49.Bf4 Ra3+ 50.Kf2 Rb3
51.Rg1+ Kf7 52.Ra1 Rb4 53.Kf3 Rb3+ 54.Be3 Rb4 55.Ra6 Rc4 56.Rb6 Re4 57.Bc5 Rc4
58.Rb7+ Kg6 59.Be3 Ra4 60.Rd7 Ra3 61.Kf4 Ra6 62.Bd4 Re6 63.Rd5 Re4+ 64.Kf3 Re6
65.Be3 Ra6 66.Rd1 Ra4 67.Rd6 Kf7 68.Bc5 Rc4 69.Rd7+ Kg6 70.Bf8 f4 71.Rd5 Rc8
72.Bc5 Rc6 73.Kxf4 Ra6 74.Bd4 Rc6 75.Rd8 Ra6 76.Bc5 Ra4+ 77.Kf3 Kf5 78.Rd5+ Kg6
79.Rd6 Ra5 80.Rc6 Ra1 81.Bd4 Rf1+ 82.Ke2 Rf5 83.Rc8 h5 84.Be3 Kg7 85.Rc4 Kg6
86.Bf4 Rb5 87.Kf3 Kf5 88.Be3 Kg6 89.Rc1 Kf5 90.Rh1 Kg6 91.Rg1+ Kf5 92.Kg3 Rb4
93.Rf1+ Kg6 94.Rd1 Re4 95.Kf3 Ra4 96.Rd5 Ra6 97.Kf4 Ra1 98.Rd2 Ra5 99.Ke4 Re5+
100.Kf3 Rb5 101.Rd1 Kf5 102.Rg1 Rb4 103.Rg8 Ra4 104.Rh8 h4 105.Rh5+ Kg6 106.Rd5 Rc4
107.Bd4 Rc6 108.Kg4 Re6 109.Kxh4 Rc6 110.Kg4 Ra6 111.Kf4 Rc6 112.Rd8 Ra6
113.Rg8+ Kf7 114.Rg1 Re6 115.Kf5 Rd6 116.Ke4 Re6+ 117.Kd5 Re8 118.Rf1 Rd8+
119.Kc5 Rc8+ 120.Kb5 Rb8+ 121.Kc6 Ke7 122.Rxf6 Rc8+ 123.Kb5 Rc7 124.Rh6 Rc2
125.Bc5+ Kd7 126.Rd6+ Kc7 127.Re6 Rb2+ 128.Bb4 Kd7 129.Re7+ Kd8 130.Ra7 Ke8
131.Kc4 Rf2 132.Kd5 Rf7 133.Ra6 Rb7 134.Ra8+ Kf7 135.Rf8+ Kg7 136.Bd6 Rb1
137.Rf2 Kg6 138.Ke6 Rg1 139.Rf6+ Kh7 140.Rf7+ Rg7 141.Rf5 Rg6+ 142.Ke5 Rg2
143.Bc5 Rg4 144.Bd4 Rg2 145.Kf6 Rg6+ 146.Kf7 Rg7+ 147.Ke6 Rg2 148.Rf8 Rg8
149.Rf7+ Kg6 150.Rf6+ Kg5 151.Rf1 Re8+ 152.Kd5 Re2 153.Be5 Rd2+ 154.Ke6 Rg2
155.Rf5+ Kg4 156.Rf4+ Kg5 157.Re4 Kg6 158.Rh4 Ra2 159.Rg4+ Kh5 160.Kf5 Kh6
161.Rh4+  1-0

[Event "TCh-CHN"]
[Site "Guangzhou CHN"]
[Date "2010.10.14"]
[Round "14"]
[White "Yu Yangyi"]
[Black "Wang Chen"]
[Result "1-0"]
[WhiteElo "2574"]
[BlackElo "2399"]

1.e4 c5 2.Nf3 e6 3.d4 cxd4 4.Nxd4 Nc6 5.Nc3 Qc7 6.Be3 a6 7.Qd2 Nf6 8.O-O-O Bb4
9.f3 Ne7 10.Nde2 d5 11.Bg5 dxe4 12.Bxf6 gxf6 13.Qd4 exf3 14.Qxb4 fxe2 15.Bxe2 f5
16.Rd6 Bd7 17.Rhd1 Bc6 18.Bf3 O-O 19.Bxc6 Nxc6 20.Qh4 Qe7 21.Qxe7 Nxe7 22.Rd7 Nc6
23.Rxb7 Rab8 24.Rdd7 Ne5 25.Rxb8 Nxd7 26.Rb7 Rd8 27.Ra7 Nc5 28.b4 Ne4 29.Kb2 Rd6
30.a4 e5 31.b5 axb5 32.Nxe4 fxe4 33.axb5 e3 34.Ra3 Rd5 35.c4 Rd2+ 36.Kc3 Rd1
37.Ra2 f5 38.Rb2 e4 39.g3 Rd3+ 40.Kb4 Rd2 41.Rb1 e2 42.Re1 Kf7 43.Kc5 Ke7
44.Kc6 Rd6+ 45.Kb7 Rd7+ 46.Ka6 Kd6 47.Rxe2 Kc5 48.b6 Rd6 49.Rb2 e3 50.Ka7 Kxc4
51.b7 Rd8 52.b8=Q Rxb8 53.Kxb8 Kd3 54.Kc7 e2 55.Rb1 Kd2 56.Kd6 e1=Q 57.Rxe1 Kxe1
58.Ke5 Kf2 59.Kf4 Kg2 60.h4 Kh3  1-0

[Event "I Memorial Oliver Gonzalez"]
[Site "Madrid ESP"]
[Date "2010.10.14"]
[Round "6"]
[White "Castano,H"]
[Black "Barria Zuniga,D"]
[Result "1/2-1/2"]
[WhiteElo "2205"]
[BlackElo "2419"]

1.e4 c5 2.Nf3 e6 3.d4 cxd4 4.Nxd4 Nc6 5.Nc3 Qc7 6.Be3 Nf6 7.f4 d6 8.Qf3 a6
9.O-O-O Nd7 10.g4 Nxd4 11.Bxd4 b5 12.f5 b4 13.fxe6 fxe6 14.Ne2 Ne5 15.Qb3 Be7
16.Ng3 O-O 17.Bxe5 dxe5 18.Bc4 Kh8 19.Rhf1 Rxf1 20.Rxf1  1/2-1/2

[Event "TCh-CHN"]
[Site "Guangzhou CHN"]
[Date "2010.10.15"]
[Round "15"]
[White "Li Chao2"]
[Black "Ji Dan"]
[Result "1-0"]
[WhiteElo "2613"]
[BlackElo "2379"]

1.e4 c5 2.Nf3 e6 3.Nc3 Nc6 4.d4 cxd4 5.Nxd4 Qc7 6.Be2 a6 7.O-O Nf6 8.Kh1 d6
9.f4 Be7 10.Be3 O-O 11.a4 Re8 12.Bf3 Bf8 13.Qd2 Bd7 14.Nde2 Na5 15.b3 Rac8
16.Rad1 Bc6 17.Qd3 d5 18.e5 Ne4 19.Bxe4 dxe4 20.Qd4 b5 21.axb5 axb5 22.Ng3 Red8
23.Qb6 Rxd1 24.Rxd1 Qxb6 25.Bxb6 Nb7 26.Ncxe4 Bxe4 27.Nxe4 Rxc2 28.g4 h6
29.f5 Rc6 30.Be3 Rc8 31.Rd7 Nc5 32.Bxc5 Bxc5 33.Kg2 Bf8 34.Kf3 Rc2 35.Rd8 b4
36.h3 Rc1 37.Ke2 Rc7 38.Kd3 Rc1 39.Kd2 Rc7 40.h4 h5 41.fxe6 hxg4 42.Rd7 Rxd7+
43.exd7 Be7 44.Nd6 Bxh4 45.Ke3 Kf8 46.Nb7 Bd8 47.Nxd8  1-0

[Event "TCh-CHN"]
[Site "Guangzhou CHN"]
[Date "2010.10.15"]
[Round "15"]
[White "Wang Chen"]
[Black "Wang Li"]
[Result "1-0"]
[WhiteElo "2399"]
[BlackElo "2383"]

1.e4 c5 2.Nf3 Nc6 3.Nc3 e6 4.d4 cxd4 5.Nxd4 d6 6.Bc4 Nf6 7.Be3 Be7 8.Qe2 a6
9.O-O-O Bd7 10.Nxc6 bxc6 11.g4 O-O 12.g5 Ne8 13.h4 Nc7 14.Bb3 d5 15.f4 Re8
16.h5 Nb5 17.Na4 Nd6 18.Nc5 Bf8 19.Qh2 Qe7 20.g6 h6 21.gxf7+ Nxf7 22.Kb1 Bc8
23.Bd4 Nd6 24.f5 e5 25.Bf2 Kh8 26.Rhg1 Rb8 27.Rg6 Qf7 28.f6 gxf6 29.Bh4 f5
30.exd5 Rxb3 31.axb3 cxd5 32.Bf6+ Kh7 33.Bxe5 Ne4 34.Nd3 Ng5 35.Qf2 Re6 36.Rxe6 Nxe6
37.Nf4 Nxf4 38.Qxf4 Qxh5 39.Rg1 Be6 40.Bd4 Bf7 41.Qe5 Bg6  1-0

[Event "Lichtenrader Herbst"]
[Site "Berlin GER"]
[Date "2010.10.17"]
[Round "2"]
[White "Cremer,Ja"]
[Black "Graf,A"]
[Result "0-1"]
[WhiteElo "1976"]
[BlackElo "2606"]

1.e4 c5 2.Nf3 e6 3.d4 cxd4 4.Nxd4 Nc6 5.Nc3 a6 6.Be2 Nge7 7.Be3 b5 8.O-O Bb7
9.f3 Rc8 10.Qd2 Nxd4 11.Bxd4 Qc7 12.Bxb5 axb5 13.Nxb5 Qc6 14.Na7 Qxc2 15.Nxc8 Qxc8
16.Qc3 Qxc3 17.Bxc3 d5 18.Rfe1 dxe4 19.fxe4 Nc8 20.b4 Nd6 21.e5 Nc4 22.a4 Be7
23.Bd4 Bd5 24.b5 f6 25.a5 fxe5 26.Bf2 e4 27.b6 Kd7 28.Reb1 Rb8 29.a6 e3 30.Bxe3 Nxe3
31.a7 Rf8 32.b7 Bc5 33.h3 Nd1+ 34.Kh2 Rf2 35.Kg3 Rxg2+  0-1

[Event "USCL"]
[Site "ICC INT"]
[Date "2010.10.18"]
[Round "9"]
[White "Abrahamyan,T"]
[Black "Sadorra,J"]
[Result "1-0"]
[WhiteElo "2352"]
[BlackElo "2463"]

1.e4 c5 2.Nf3 e6 3.d4 cxd4 4.Nxd4 Nc6 5.Nc3 Qc7 6.Be3 a6 7.Qd2 Nf6 8.O-O-O Be7
9.f3 O-O 10.g4 Rd8 11.g5 Nh5 12.Be2 Nxd4 13.Bxd4 Nf4 14.Rhg1 b5 15.Qe3 Bb7
16.Kb1 Rac8 17.Bb6 Qe5 18.Bxd8 Rxd8 19.Rg4 Nxe2 20.Nxe2 Qxh2 21.Nf4 h5 22.gxh6 Qxh6
23.Rdg1 g5 24.Nd3 f6 25.f4 Rf8 26.fxg5 fxg5 27.Ne5 Kh7 28.a3 Bc6 29.Nf3 Rf4
30.Nxg5+ Bxg5 31.Rxg5 e5 32.Qg3 Rf7 33.Rh5 Qxh5 34.Qg8+ Kh6 35.Qh8+ Rh7 36.Qf8+ Rg7
37.Qxg7+  1-0

[Event "USCL"]
[Site "ICC INT"]
[Date "2010.10.18"]
[Round "9"]
[White "Molner,M"]
[Black "Krush,I"]
[Result "1-0"]
[WhiteElo "2393"]
[BlackElo "2476"]

1.e4 c5 2.Nf3 e6 3.d4 cxd4 4.Nxd4 Nc6 5.Nc3 Qc7 6.Be3 a6 7.Qd2 Nf6 8.f3 Bb4
9.a3 Be7 10.g4 d6 11.g5 Nd7 12.O-O-O O-O 13.h4 b5 14.Nxc6 Qxc6 15.h5 Rb8
16.g6 a5 17.Ne2 b4 18.Nd4 Qa4 19.h6 bxa3 20.gxh7+ Kh8 21.hxg7+ Kxg7  1-0

[Event "15th European Club Cup Women"]
[Site "Plovdiv BUL"]
[Date "2010.10.21"]
[Round "5"]
[White "Pogonina,N"]
[Black "Mkrtchian,L"]
[Result "1/2-1/2"]
[WhiteElo "2491"]
[BlackElo "2484"]

1.e4 c5 2.Nf3 e6 3.d4 cxd4 4.Nxd4 Nc6 5.Nc3 Qc7 6.Be3 a6 7.a3 Nf6 8.Be2 Be7
9.O-O O-O 10.f4 d6 11.Qe1 Nxd4 12.Bxd4 e5 13.Be3 exf4 14.Bxf4 Be6 15.Qg3 Rfd8
16.Rad1 Nd7 17.Kh1 Ne5 18.Be3 Rac8 19.Rd2 Re8 20.h3 Qd8 21.Rfd1 Qc7 22.Qf2 Bf8
23.Bf1 g6 24.Bg5 Qc5 25.Be3 Qc6 26.Rd4 Qc7 27.R4d2 Qc6 28.Qf4 b5 29.Qg3 Rb8
30.Bf4 Rb7 31.Rd4 a5 32.b4 Rc8 33.Nd5 Bxd5 34.Rxd5 axb4 35.axb4 Qxc2 36.Bxe5 dxe5
37.Qxe5 Re7 38.Qa1 Qxe4 39.Rxb5 Rec7 40.Qf6 Rc3 41.Kh2 R8c6 42.Qd8 Qf4+ 43.Kg1 Rc1
44.Rbd5 Qxb4 45.Kh1 Qf4 46.R5d4 Qg3 47.R4d3 Qf4 48.Qd4 Qc7 49.Qd5 Rf6 50.Be2 Rxd1+
51.Rxd1 Qg3 52.Qd3 Qe5 53.Bf3 Bd6 54.Kg1 Re6 55.Kf1 Qh2 56.Qd4 Qh1+ 57.Qg1 Qxg1+
58.Kxg1 Bg3 59.Bd5 Re7 60.Rf1 h5 61.Bc4 h4 62.Bd5 Kg7 63.Bc4 f5 64.Bd5 Kf6
65.Bf3 Re3 66.Rb1 Kg5 67.Rd1 Rc3 68.Rb1 Kf4 69.Rb4+ Ke3 70.Rb1 Be5 71.Bd5 Bg3
72.Rb3  1/2-1/2

[Event "WY Boys-U16"]
[Site "Porto Carras GRE"]
[Date "2010.10.21"]
[Round "2.8"]
[White "Liu,Chang"]
[Black "Andersen,Mad"]
[Result "1/2-1/2"]
[WhiteElo "2162"]
[BlackElo "2385"]

1.e4 c5 2.Ne2 Nc6 3.Nbc3 e6 4.d4 cxd4 5.Nxd4 Qc7 6.Be2 a6 7.O-O Nf6 8.Bg5 Be7
9.Nxc6 bxc6 10.Kh1 Ng4 11.Bxg4 Bxg5 12.f4 Be7 13.e5 d6 14.Qf3 O-O 15.Rae1 Rb8
16.b3 a5 17.Qg3 Ba6 18.Be2 Bxe2 19.Rxe2 d5 20.f5 exf5 21.Rxf5 Qd7 22.Rf3 Rbe8
23.Nd1 Bd6 24.Nf2 Kh8 25.Nd3 Bb8 26.Qe1 Qc7 27.g3 Re6 28.Nc5 Rxe5 29.Rxe5 Qxe5
30.Qxe5 Bxe5 31.Nd7 Re8 32.Nxe5 Rxe5 33.Rxf7 Kg8 34.Rf2 a4 35.Kg2 axb3 36.cxb3 c5
37.a4 Re3 38.Rc2 Rxb3 39.Rxc5 Ra3 40.a5 d4 41.Rd5 Kf7 42.Rd7+ Kf6 43.Rxd4 Rxa5  1/2-1/2

[Event "WY Boys-U14"]
[Site "Porto Carras GRE"]
[Date "2010.10.21"]
[Round "2.2"]
[White "Beukema,S"]
[Black "Vaibhav,S"]
[Result "0-1"]
[WhiteElo "2127"]
[BlackElo "2418"]

1.e4 c5 2.Nf3 e6 3.d4 cxd4 4.Nxd4 Nc6 5.Nc3 Qc7 6.Be3 a6 7.Bd3 Nf6 8.O-O Nxd4
9.Bxd4 Bc5 10.Bxc5 Qxc5 11.Re1 d6 12.Qd2 O-O 13.Rad1 e5 14.Re3 Be6 15.Be2 Rfd8
16.Rd3 Ne8 17.Rg3 b5 18.Bg4 b4 19.Bxe6 fxe6 20.Na4 Qc6 21.Qxb4 Rab8 22.Qa5 Qxe4
23.Rgd3 Rdc8 24.c3 Qc6 25.c4 Qxc4 26.Rc3 Qb5 27.Qxb5 axb5 28.Rxc8 Rxc8 29.Nc3 b4
30.Na4 Rc2 31.Kf1 d5 32.Re1 e4 33.Re2 Rc6 34.Rd2 Nd6 35.Rd4 Rc1+ 36.Ke2 Nc4
37.b3 Rc2+ 38.Ke1 Ne5 39.Rd2 Nd3+ 40.Ke2 Rxd2+ 41.Kxd2 Nxf2 42.Nc5 Kf7 43.Ke2 Nd3
44.Nxd3 exd3+ 45.Kxd3 e5 46.Ke3 Ke6 47.Kd3 h5 48.Ke3 Kf5 49.h3 h4 50.Kd3 d4
51.Kc4 Ke4 52.Kxb4 d3  0-1

[Event "WY Boys-U14"]
[Site "Porto Carras GRE"]
[Date "2010.10.21"]
[Round "2.5"]
[White "Pirverdiyev,A"]
[Black "Drozdowski,K"]
[Result "1/2-1/2"]
[WhiteElo "2109"]
[BlackElo "2303"]

1.e4 c5 2.Nf3 e6 3.d4 cxd4 4.Nxd4 Nc6 5.Nc3 Qc7 6.Be3 a6 7.Qd2 Nf6 8.f3 b5
9.g4 Ne5 10.g5 Nh5 11.O-O-O Rb8 12.Kb1 Be7 13.f4 Ng4 14.e5 b4 15.Ne4 Bb7
16.Bg2 Bxe4 17.Bxe4 Qc3 18.Qe2 Qxe3 19.Qxg4 g6 20.f5 Qxg5 21.Qxg5 Bxg5 22.f6 Rb6
23.Bf3 d6 24.Nc6 d5 25.Nd4 Nf4 26.h4 Bh6 27.Nb3 Kd7 28.Nc5+ Kc7 29.h5 g5
30.Rd4 Rc6 31.Nd3 Nxd3 32.cxd3 a5 33.Rg4 Kb6 34.Rc1 Rhc8 35.Rxc6+ Rxc6 36.d4 a4
37.Be2 a3 38.Bd3 axb2 39.Bxh7 Rc1+ 40.Kxb2 Rc7 41.Bg8 Kb5 42.Kb3 Rc3+ 43.Kb2 Rc7
44.Kb3 Rc3+ 45.Kb2 Rc7  1/2-1/2

[Event "Unive Open"]
[Site "Hoogeveen NED"]
[Date "2010.10.22"]
[Round "1"]
[White "Vroombout,E"]
[Black "Bellaiche,A"]
[Result "0-1"]
[WhiteElo "2147"]
[BlackElo "2445"]

1.e4 c5 2.Nf3 e6 3.d4 cxd4 4.Nxd4 Nc6 5.Nc3 Qc7 6.Be3 a6 7.Bd3 Nf6 8.O-O Nxd4
9.Bxd4 Bc5 10.Bxc5 Qxc5 11.Na4 Qc7 12.c4 d6 13.Qb3 O-O 14.Rac1 Nd7 15.c5 dxc5
16.Nxc5 Nxc5 17.Qa3 b6 18.b4 Rd8 19.bxc5 bxc5 20.Be2 Bb7 21.Rxc5 Qb6 22.Bf3 Rd2
23.Rfc1 Rad8 24.h3 h6 25.e5 R8d3 26.R1c3 Qb1+ 27.Kh2 Bxf3 28.Rc8+ Kh7 29.Rxd3 Rxd3
30.Qf8 Qf1 31.Qg8+ Kg6  0-1

[Event "15th European Club Cup Women"]
[Site "Plovdiv BUL"]
[Date "2010.10.22"]
[Round "6"]
[White "Muzychuk,M"]
[Black "Arakhamia-Grant,K"]
[Result "0-1"]
[WhiteElo "2464"]
[BlackElo "2451"]

1.e4 c5 2.Nf3 e6 3.d4 cxd4 4.Nxd4 Nc6 5.Nc3 d6 6.Be3 Nf6 7.f4 Bd7 8.Qf3 Nxd4
9.Bxd4 Qa5 10.Bxf6 gxf6 11.O-O-O O-O-O 12.Kb1 h5 13.Bc4 Kb8 14.Rhe1 f5 15.exf5 Qxf5
16.Bd3 Qg4 17.Qf2 d5 18.Nb5 Bxb5 19.Bxb5 Bd6 20.g3 h4 21.Rd3 hxg3 22.hxg3 Rc8
23.Rb3 Bc5 24.Qg2 Bb6 25.Be2 Qh3 26.Qf3 Qh2 27.g4 Qf2 28.Qxf2 Bxf2 29.Rf1 Rh2
30.Rf3 Bb6 31.Bd3 Rg2 32.g5 Rh8 33.a3 Kc7 34.Ka2 Kd6 35.b4 Bd4 36.Kb3 Rc8
37.Rh1 Rc3+ 38.Ka2 Rgxc2+ 39.Bxc2 Rxf3 40.f5 exf5 41.Rh6+ Ke7 42.g6 fxg6
43.Rxg6 f4 44.Rg5 Ke6 45.Bh7 Be5 46.Bg8+ Kf6 47.Rh5 Rf2+ 48.Kb1 d4 49.Rh7 b5
50.Rf7+ Kg5 51.Bh7 a6 52.Be4 Bf6 53.Ra7 Re2 54.Bd3 Rd2 55.Be4 Re2 56.Bd3 Re6
57.a4 bxa4 58.Ka2 f3 59.Rc7 Kf4 60.Rc5 Ke3 61.Bc4 Rd6 62.Rf5 d3 63.Bd5 Rxd5  0-1